000
00299nam a2200121 4500
082
0
_a
405
100
1
_a
Lyth, R. E.
245
1
0
_a
The murle language and vocabulary
_c
R. E. Lyth
260
_a
Khartoum
_c
c.1971
300
_a
3 sections
700
1
_a
The murle language and vocabulary
942
_2
ddc
_c
BK
999
_c
64222
_d
64196